000 00772nam a2200265 a 4500
001 64470
003 BD-RjUL
005 20211209081319.0
008 170215s1973 enkb b 001 0 eng
020 _a0856162604
035 _a(BD-RjUL)64600
040 _aDLC
_cDLC
_dBD-RjUL
_beng
041 _aeng
082 0 0 _a956.94
_223
_bFEP 1973
100 1 _aFerguson, Pamela.
_9191269
245 1 4 _aThe Palestine problem /
_cPamela. Ferguson,
260 _aLondon :
_bMartin Brian & O'Keeffe,
_cc1973
300 _a158 p. :
_bill, ;
_c22 cm.
350 _a£3.00
500 _aInclude index
504 _aBibliography: p. 153-155.
650 0 _aJewish-Arab relations.
_9176376
650 0 _aPalestine -- Politics and government -- 1948-
_9191270
942 _2ddc
_cBK
999 _c64470
_d64470